College Quizbowl Stats
College Quizbowl Stats
Circuits
Seasons
Sets
Records
Detailed Stats
About
Loading...
2024 ARCADIA at UC Berkeley
Tossups
Bonuses
Players
Teams
Categories (Tossup)
Categories (Bonus)
Terry Tang
UC Berkeley B
Categories
Category
Powers
Gets
Negs
BBs
Points
Earliest Buzz
Avg. Buzz
First Buzzes
Top 3 Buzzes
Visual Arts
1
1
0
0
25
62
71.00
2
2
History - Ancient History
0
1
0
1
10
125
125.00
0
1
History - European History
0
1
0
0
10
115
115.00
1
1
Philosophy
0
1
0
0
10
76
76.00
1
1
Beliefs
0
0
2
0
-10
0.00
0
0
Buzzes
Category
Answer
Value
Buzz Position
Visual Arts
jade
15
62
Philosophy
dao
10
76
Visual Arts
ceiling paintings
10
80
Beliefs
Sarah
-5
81
Beliefs
Susanoo
-5
96
History - European History
Córdoba
10
115
History - Ancient History
Sumerian
10
125
Previous
1
Next